000 00609nam a2200193 a 4500
001 15408
003 CO-ViMGA
008 141112s2004 ck r 000 u spa d
040 _aCO-ViMGA
_bspa
_cCO-ViMGA
082 0 4 _a323.4 D333o
100 1 _aDefensoría del pueblo,
_922414
245 1 0 _aOctavo informe del defensor del pueblo al Congreso de Colombia
260 _aBogotá,
_cImprenta Nacional,
_c2001
300 _a409.p.
590 _aForma de adquisición : Donación - - Precio :
_10.000
650 1 4 _aDEFENSORIA DEL PUEBLO
_911502
650 1 4 _aDERECHOS CIVILES - COLOMBIA
_917060
942 _2ddc
_cBK
999 _c25741
_d25741